000 00801nam a22002417a 4500
003 SEM
005 20260623113507.0
008 260618s1987 ai ||||gr||||||01|||arm|d
040 _aSEM
_cSEM
041 _aarm
080 _a891.981-3/Ա-57
100 _aԱնանյան, Վախթանգ
245 _aՍևանի ափին :
_bՎեպ /
_cՎ. Անանյան ; Խմբ.՝ Ս. Գաբրիելյան
260 _aԵրևան :
_bԱրևիկ,
_c1987.
300 _a503 էջ ;
_bնկ. ;
_c21 սմ
490 _aԱրկածային գրադարան
650 _aՀայ գրականություն
_xարձակ
653 _aՍԷՄ
700 _aԳաբրիելյան, Ս.
_eխմբ.
_4edt.
710 _aԱրկածային գրադարան
830 _aԱրկածային գրադարան
942 _2udc
_cBK
_n0
999 _c77309
_d77309